| 000 | 00356nam a2200133Ia 4500 | ||
|---|---|---|---|
| 008 | 240624s9999 xx 000 0 und d | ||
| 041 | _aeng | ||
| 082 | _a658 PAL | ||
| 100 | _aPALEY NORTON | ||
| 245 | _aBIG IDEAS FOR SMALL BUSINESSES | ||
| 260 |
_c2011 _aNew Delhi _bViva Books Private Limited |
||
| 300 | _axiv, : 263 : p. : cm. ; 21 | ||
| 365 |
_cRS _b33.5 |
||
| 999 |
_c18820 _d18820 |
||